| 000 | 00753nam a2200241 i 4500 | ||
|---|---|---|---|
| 001 | 5915 | ||
| 003 | ES-MaACL | ||
| 005 | 20240227215149.0 | ||
| 007 | t| | ||
| 008 | 890614s1980 sp |||| | spa d | ||
| 020 | _a84-252-1001-1 | ||
| 080 | _a82-31.09"18/19" | ||
| 100 | 1 |
_aBrunori, Vittorio. _932203 |
|
| 245 | 1 | 0 |
_aSueños y mitos de la literatura de masas _b: análisis crítico de la novela popular / _cVittorio Brunori. |
| 260 |
_aBarcelona : _bGustavo Gili, _c1980. |
||
| 300 |
_a273 p. ; _c20 cm. |
||
| 490 | 1 | _aGG Mass Media | |
| 504 | _aBibliografía: p. 239-264. | ||
| 650 | 1 | 4 |
_aNovela popular- _xHistoria y crítica. _9167623 |
| 830 | 0 |
_aGG mass media _9235388 |
|
| 852 |
_aES-MaACL _jL-13041 |
||
| 999 |
_c5915 _d5915 |
||